Learning to listen 1 Making sense of spoken English. Class CDs
Uloženo v:
| Hlavní autor: | |
|---|---|
| Médium: | Kniha |
| Jazyk: | English |
| Vydáno: |
New York
Macmillan
2003
|
| Témata: | |
| Tagy: |
Přidat tag
Žádné tagy, Buďte první, kdo otaguje tento záznam!
|
| Thư viện lưu trữ: | Trung tâm Học liệu Lê Vũ Hùng, Trường Đại học Đồng Tháp |
|---|
| LEADER | 02395pmm a22003018a 4500 | ||
|---|---|---|---|
| 001 | 00030501 | ||
| 005 | 20171026081023.0 | ||
| 008 | 130408s2003 ||||||engsd | ||
| 020 | # | # | |c 138000 |a 9781405010412 |
| 041 | 0 | # | |a eng |
| 082 | 1 | 4 | |a 428 |b L200T |
| 100 | 1 | # | |a Lougheed, Lin |
| 245 | 1 | 0 | |h nguồn liệu điện tử] |a Learning to listen 1 |c Lin Lougheed |b Making sense of spoken English. Class CDs |
| 260 | # | # | |a New York |b Macmillan |c 2003 |
| 300 | # | # | |a 3 CD |c 43/4 inch. |
| 653 | # | # | |a Kỹ năng nghe |
| 653 | # | # | |a Luyện thi |
| 653 | # | # | |a Tiếng Anh |
| 653 | # | # | |a Đĩa CD |
| 852 | # | # | |b Kho đa phương tiện |j DPT.0002566, DPT.0002567, DPT.0002568, DPT.0002569, DPT.0002570, DPT.0002571, DPT.0002572, DPT.0002573, DPT.0002574, DPT.0002575, DPT.0002576, DPT.0002577, DPT.0002578, DPT.0002579, DPT.0002580, DPT.0002581, DPT.0002582, DPT.0002583, DPT.0002584, DPT.0002585, DPT.0002586, DPT.0002587, DPT.0002588, DPT.0002589, DPT.0002590, DPT.0002591, DPT.0002592, DPT.0002593, DPT.0002594, DPT.0002595, DPT.0002596, DPT.0002597, DPT.0002598, DPT.0002599, DPT.0002600, DPT.0002601, DPT.0002602, DPT.0002603, DPT.0002604, DPT.0002605, DPT.0002606, DPT.0002607, DPT.0002608, DPT.0002609, DPT.0002610, DPT.0002611, DPT.0002612, DPT.0002613, DPT.0002614, DPT.0002615, DPT.0002616, DPT.0002617, DPT.0002618, DPT.0002619, DPT.0002620, DPT.0002621, DPT.0002622, DPT.0002623, DPT.0002624, DPT.0002625 |
| 852 | # | # | |j DPT.0002566 |j DPT.0002567 |j DPT.0002569 |j DPT.0002570 |j DPT.0002572 |j DPT.0002575 |j DPT.0002577 |j DPT.0002578 |j DPT.0002580 |j DPT.0002581 |j DPT.0002585 |j DPT.0002586 |j DPT.0002588 |j DPT.0002589 |j DPT.0002591 |j DPT.0002594 |j DPT.0002596 |j DPT.0002597 |j DPT.0002599 |j DPT.0002600 |j DPT.0002605 |j DPT.0002606 |j DPT.0002607 |j DPT.0002608 |j DPT.0002610 |j DPT.0002613 |j DPT.0002615 |j DPT.0002616 |j DPT.0002618 |j DPT.0002619 |j DPT.0002623 |j DPT.0002624 |j DPT.0002573 |j DPT.0002574 |j DPT.0002583 |j DPT.0002584 |j DPT.0002592 |j DPT.0002593 |j DPT.0002601 |j DPT.0002602 |j DPT.0002611 |j DPT.0002612 |j DPT.0002621 |j DPT.0002614 |j DPT.0002617 |j DPT.0002620 |j DPT.0002622 |j DPT.0002625 |j DPT.0002568 |j DPT.0002571 |j DPT.0002576 |j DPT.0002579 |j DPT.0002582 |j DPT.0002587 |j DPT.0002590 |j DPT.0002595 |j DPT.0002598 |j DPT.0002603 |j DPT.0002604 |j DPT.0002609 |
| 910 | 0 | # | |d 08/04/2013 |
| 980 | # | # | |a Trung tâm Học liệu Lê Vũ Hùng, Trường Đại học Đồng Tháp |


